[Event "Polugaevsky Mem 2014"]
[Site "Samara RUS"]
[Date "2014.07.08"]
[Round "7.7"]
[White "Timofeev, Artyom"]
[Black "Oganian, Miran"]
[Result "1-0"]
[WhiteTitle "GM"]
[BlackTitle "FM"]
[WhiteElo "2597"]
[BlackElo "2378"]
[WhiteFideId "4140419"]
[BlackFideId "4122488"]
[EventDate "2014.07.02"]

1. e4 c5 2. Nf3 Nc6 3. Nc3 e6 4. d4 cxd4 5. Nxd4 Qc7 6. f4 a6 7. Nxc6 Qxc6 8.
Bd3 b5 9. Qe2 Bb7 10. Bd2 Bc5 11. O-O-O Ne7 12. a3 O-O 13. Qh5 f6 14. Rhe1 Rf7
15. g4 Rc8 16. Kb1 Bd4 17. Qh3 g6 18. Ne2 Bc5 19. Nc1 Qc7 20. f5 exf5 21. gxf5
Bd4 22. c3 Be5 23. Bc2 Rd8 24. Nd3 Bxh2 25. Rh1 Be5 26. Bb3 d5 27. fxg6 Nxg6 28.
Rdg1 Kf8 29. Nb4 dxe4 30. Qh6+ Ke8 31. Rxg6 hxg6 32. Be3 f5 33. Qxg6 Rd6 34. Qh5
a5 35. Rg1 Rf6 36. Bg5 Rd6 37. Bh4 axb4 38. Bxf7+ Kd7 39. axb4 Qb6 40. Qxf5+ Kc7
41. Rg8 Bf6 42. Bf2 e3 43. Bg3 e2 44. Kc2 e1=Q 45. Bxe1 Qe3 46. Re8 Qh6 47. Qc5+
Bc6 48. Qa7+ Bb7 49. Qc5+ Bc6 50. Qa7+ Bb7 51. Qb8+ Kc6 52. Rc8+ Bxc8 53. Qxc8+
Kb6 54. Qc5+ Kb7 55. Bd5+ Rxd5 56. Qxd5+ Kc8 57. Qf5+ Kd8 58. Bd2 Qh4 59. Qxb5
Qf2 60. Qd3+ 1-0

[Event "Polugaevsky Mem 2014"]
[Site "Samara RUS"]
[Date "2014.07.08"]
[Round "7.8"]
[White "Rozum, Ivan"]
[Black "Kozionov, Kirill"]
[Result "1-0"]
[WhiteTitle "IM"]
[BlackTitle "FM"]
[WhiteElo "2553"]
[BlackElo "2393"]
[WhiteFideId "24104272"]
[BlackFideId "24101729"]
[EventDate "2014.07.02"]

1. d4 d5 2. c4 c6 3. Nf3 Nf6 4. e3 Bg4 5. h3 Bh5 6. Nc3 e6 7. g4 Bg6 8. Nh4 Be4
9. f3 Nfd7 10. fxe4 Qxh4+ 11. Kd2 dxc4 12. Bxc4 Nb6 13. Bd3 N8d7 14. Qf3 e5 15.
Kc2 Qf6 16. Qxf6 Nxf6 17. b3 Bd6 18. Bb2 Nfd7 19. Rad1 Ke7 20. Kb1 f6 21. d5 c5
22. Ne2 Rac8 23. Ng3 g6 24. Rc1 Na8 25. Be2 Nc7 26. h4 Rcf8 27. Rh2 Rf7 28. g5
Rhf8 29. Bg4 b5 30. Ba3 Na6 31. Bb2 Nc7 32. Be2 Rb8 33. Nf1 f5 34. exf5 gxf5 35.
e4 fxe4 36. Ne3 Rbf8 37. h5 Nb6 38. Rd1 Rg8 39. Rg2 a6 40. h6 Nd7 41. Bh5 Rf4
42. g6 hxg6 43. Bxg6 Nf8 44. h7 Rh8 45. Bf5 Ne8 46. Rg8 Rxh7 47. Rxf8 Rh2 48.
Rg8 Re2 49. Bg6 Nf6 50. Rg7+ Kf8 51. Rf7+ Kg8 52. Bc1 Rf3 53. Rg1 Kh8 54. Nf5
Nxd5 55. Rh1+ 1-0

[Event "Polugaevsky Mem 2014"]
[Site "Samara RUS"]
[Date "2014.07.08"]
[Round "7.9"]
[White "Lugovskoy, Maxim"]
[Black "Yuffa, Daniil"]
[Result "0-1"]
[WhiteTitle "IM"]
[BlackTitle "IM"]
[WhiteElo "2397"]
[BlackElo "2447"]
[WhiteFideId "24126454"]
[BlackFideId "24131423"]
[EventDate "2014.07.02"]

1. e4 c6 2. d4 d5 3. f3 e6 4. Nc3 Bb4 5. Bd2 Bxc3 6. Bxc3 dxe4 7. Qe2 exf3 8.
Nxf3 Nf6 9. O-O-O O-O 10. Qe1 b6 11. Ne5 a5 12. Bd3 Ba6 13. Rf1 Nd5 14. Bxa6
Nxa6 15. Bd2 c5 16. Qg3 Qc7 17. c4 cxd4 18. Kb1 Ne7 19. Bf4 Qb7 20. Ng4 Nf5 21.
Qe1 Nc5 22. Nf2 Qxg2 23. Rg1 Qf3 24. Be5 f6 25. Bxd4 Nxd4 26. Rxd4 Qf5+ 27. Ka1
a4 28. Ne4 a3 29. b4 Qe5 30. Qe3 Rad8 31. Rd1 Nxe4 0-1

[Event "Polugaevsky Mem 2014"]
[Site "Samara RUS"]
[Date "2014.07.08"]
[Round "7.10"]
[White "Klyuev, Alexander S."]
[Black "Demchenko, Anton"]
[Result "0-1"]
[BlackTitle "GM"]
[WhiteElo "2284"]
[BlackElo "2619"]
[WhiteFideId "4194250"]
[BlackFideId "4160258"]
[EventDate "2014.07.02"]

1. d4 Nf6 2. Nf3 g6 3. Nbd2 Bg7 4. e4 d6 5. Bd3 O-O 6. O-O c5 7. c3 Nfd7 8. Re1
Nc6 9. d5 Nce5 10. Be2 a6 11. a4 b6 12. Nxe5 Nxe5 13. Nf3 e6 14. Nxe5 Bxe5 15.
Bc4 Kh8 16. Qd3 g5 17. Bd2 Ra7 18. Ra2 Qf6 19. Rf1 Qg6 20. f4 gxf4 21. Bxf4 Bxf4
22. Rxf4 e5 23. Rf1 f5 24. b3 f4 25. Raf2 Rg8 26. Qc2 Rag7 27. Re1 Qh6 28. Be2
Qh4 29. Bf3 Rg6 30. Rd1 Bg4 31. Rd3 Rh6 32. Kf1 Qxh2 33. Qd1 Qh1+ 34. Ke2 Bxf3+ 0-1

[Event "Polugaevsky Mem 2014"]
[Site "Samara RUS"]
[Date "2014.07.09"]
[Round "8.1"]
[White "Sjugirov, Sanan"]
[Black "Smirnov, Alexey"]
[Result "1-0"]
[WhiteTitle "GM"]
[WhiteElo "2643"]
[BlackElo "2413"]
[WhiteFideId "4189302"]
[BlackFideId "4168437"]
[EventDate "2014.07.02"]

1. e4 e5 2. Nf3 Nc6 3. Bb5 Nf6 4. d3 Bc5 5. Bxc6 dxc6 6. Be3 Bxe3 7. fxe3 Qe7 8.
O-O O-O 9. Qe1 Re8 10. Nc3 Bg4 11. Nh4 Rad8 12. Qg3 Bc8 13. Nf5 Bxf5 14. Rxf5
Rd6 15. Raf1 Re6 16. Nb1 c5 17. Nd2 Nd7 18. Rxf7 Qxf7 19. Rxf7 Kxf7 20. Nf3 Kg8
21. Nh4 Nf6 22. Nf5 g6 23. Nh4 Kg7 24. Nf3 R8e7 25. b3 b6 26. h3 a5 27. Qe1 h6
28. Qc3 Kh7 29. a3 Kg8 30. Kf2 Kh7 31. Ke2 Ne8 32. Kd1 Nd6 33. a4 Kg7 34. Kc1
Kg8 35. Kb2 Kg7 36. Qe1 Nf7 37. Qg3 Kh7 38. h4 h5 39. Qh3 Kg7 40. g4 hxg4 41.
Qxg4 Kf8 42. h5 gxh5 43. Qxh5 Ke8 44. Nh4 Kd8 45. Qg4 Nd6 46. Nf5 Nxf5 47. exf5
Rf6 48. e4 Kd7 49. Qg8 Rd6 50. Kc3 Re8 51. Qg4 Kc6 52. Qg7 Rdd8 53. Qg6+ Kb7 54.
Qg7 Kc6 55. Kd2 Kb7 56. Ke3 Kc6 57. Kf3 Kd6 58. Qf6+ Kd7 59. Ke3 Re7 60. Kd2
Ree8 61. Kc3 Kc8 62. Qc6 Re7 63. f6 Ree8 64. f7 Rf8 65. Qe6+ Kb7 66. Qe7 Kb8 67.
Kd2 Rc8 68. Ke2 Rcd8 69. Kf3 Kb7 70. Kg4 1-0

[Event "Polugaevsky Mem 2014"]
[Site "Samara RUS"]
[Date "2014.07.09"]
[Round "8.2"]
[White "Goganov, Aleksey"]
[Black "Khismatullin, Denis"]
[Result "1-0"]
[WhiteTitle "GM"]
[BlackTitle "GM"]
[WhiteElo "2590"]
[BlackElo "2680"]
[WhiteFideId "24109959"]
[BlackFideId "4142578"]
[EventDate "2014.07.02"]

1. c4 e5 2. Nc3 Nc6 3. Nf3 f5 4. d3 Nf6 5. g3 Bb4 6. Bg2 Bxc3+ 7. bxc3 d6 8. O-O
O-O 9. Rb1 Qe8 10. Ne1 b6 11. Nc2 Bb7 12. Nb4 Na5 13. Nd5 Qf7 14. Nxf6+ Qxf6 15.
f3 f4 16. e4 Rae8 17. Bh3 Qh6 18. Bg4 Qg6 19. Rb2 fxg3 20. hxg3 h5 21. Bf5 Rxf5
22. exf5 Qxf5 23. Qd2 Re6 24. Qg5 Qxd3 25. Qd8+ Kh7 26. Rh2 Bxf3 27. Qg5 Rg6 28.
Rxf3 Qxf3 29. Rxh5+ Rh6 30. Rxh6+ gxh6 31. Qxh6+ Kg8 32. Qe6+ Kg7 33. Qe7+ Kg6
34. Qe6+ Qf6 35. Qg4+ Kf7 36. Qd7+ Qe7 37. Qf5+ Ke8 38. Bg5 Qd7 39. Qf6 Qh7 40.
Qe6+ 1-0

[Event "Polugaevsky Mem 2014"]
[Site "Samara RUS"]
[Date "2014.07.09"]
[Round "8.3"]
[White "Levin, Evgeny A."]
[Black "Timofeev, Artyom"]
[Result "1/2-1/2"]
[WhiteTitle "GM"]
[BlackTitle "GM"]
[WhiteElo "2501"]
[BlackElo "2597"]
[WhiteFideId "4182596"]
[BlackFideId "4140419"]
[EventDate "2014.07.02"]

1. d4 d5 2. c4 dxc4 3. e3 Nf6 4. Bxc4 e6 5. Nf3 a6 6. O-O c5 7. dxc5 Bxc5 8.
Qxd8+ Kxd8 9. Ne5 Ke7 10. Be2 Bd7 11. Nc3 Rc8 12. Rd1 Be8 13. Bf3 Nc6 14. Nd3
Bd6 15. b3 Rc7 16. Na4 Nd7 17. Bb2 b5 18. Nc3 Nf6 19. g4 h6 20. Ne4 Nxe4 21.
Bxe4 f6 22. Rac1 Rac8 23. h4 Nb4 24. Nxb4 Rxc1 25. Rxc1 Rxc1+ 26. Bxc1 Bxb4 27.
Bb2 a5 28. Kg2 Bc5 29. Kf3 a4 30. bxa4 bxa4 31. Ke2 e5 32. Bd5 Kd6 33. Bc4 Bd7
34. f3 e4 35. g5 hxg5 36. hxg5 exf3+ 37. Kxf3 Ke7 38. gxf6+ gxf6 39. e4 Be6 40.
Bxe6 Kxe6 41. Ke2 f5 42. exf5+ Kxf5 43. Kd3 Ke6 44. Kc4 Kd6 45. Kb5 a3 46. Bxa3
Bxa3 1/2-1/2

[Event "Polugaevsky Mem 2014"]
[Site "Samara RUS"]
[Date "2014.07.09"]
[Round "8.4"]
[White "Yuffa, Daniil"]
[Black "Kryakvin, Dmitry"]
[Result "1/2-1/2"]
[WhiteTitle "IM"]
[BlackTitle "GM"]
[WhiteElo "2447"]
[BlackElo "2579"]
[WhiteFideId "24131423"]
[BlackFideId "4153278"]
[EventDate "2014.07.02"]

1. d4 d5 2. c4 c6 3. Nf3 Nf6 4. e3 e6 5. b3 Nbd7 6. Bd3 b6 7. O-O Bb7 8. Nc3 Be7
9. Qc2 dxc4 10. bxc4 c5 11. d5 exd5 12. cxd5 Nxd5 13. Nxd5 Bxd5 14. Rd1 Bf6 15.
Bb5 Be6 16. Bxd7+ Bxd7 17. Qe4+ Kf8 18. Rxd7 Qxd7 19. Qxa8+ Ke7 20. Qe4+ Kf8 21.
Qa8+ Ke7 22. Qe4+ Kf8 1/2-1/2

[Event "Polugaevsky Mem 2014"]
[Site "Samara RUS"]
[Date "2014.07.09"]
[Round "8.5"]
[White "Shaposhnikov, Evgeny"]
[Black "Rozum, Ivan"]
[Result "1/2-1/2"]
[WhiteTitle "GM"]
[BlackTitle "IM"]
[WhiteElo "2553"]
[BlackElo "2553"]
[WhiteFideId "4122232"]
[BlackFideId "24104272"]
[EventDate "2014.07.02"]

1. e4 c5 2. Nf3 d6 3. Bb5+ Nd7 4. O-O Nf6 5. d4 a6 6. Bxd7+ Nxd7 7. Nc3 e6 8. d5
e5 9. a4 Be7 10. Nd2 O-O 11. Nc4 Nb6 12. Na3 Bd7 13. b3 f5 14. exf5 Bxf5 15. a5
Nd7 16. Nc4 Qe8 17. f3 Qg6 18. Ne3 Bg5 19. Nxf5 Rxf5 20. Ne4 Bxc1 21. Rxc1 Rd8
22. Qd3 Rf4 23. c4 Nf6 24. Rce1 Rf8 25. Nxf6+ Qxf6 26. Re4 Qg6 27. Qe2 Rxe4 28.
fxe4 Qg5 29. Rxf8+ Kxf8 30. g3 Ke7 31. Kg2 h5 32. h4 Qg4 33. Qxg4 hxg4 34. Kf2
Kd7 35. Ke3 Kc7 36. Kd2 Kd7 37. Kc3 Kc7 38. Kb2 Kc8 39. Kc3 Kc7 40. Kb2 Kd7 41.
Kc3 1/2-1/2

[Event "Polugaevsky Mem 2014"]
[Site "Samara RUS"]
[Date "2014.07.09"]
[Round "8.6"]
[White "Demchenko, Anton"]
[Black "Dvoirys, Semen I."]
[Result "0-1"]
[WhiteTitle "GM"]
[BlackTitle "GM"]
[WhiteElo "2619"]
[BlackElo "2557"]
[WhiteFideId "4160258"]
[BlackFideId "4100379"]
[EventDate "2014.07.02"]

1. e4 c5 2. Nf3 d6 3. d4 cxd4 4. Nxd4 Nf6 5. Nc3 a6 6. Be3 e5 7. Nb3 Be6 8. f3
Nbd7 9. Qd2 b5 10. O-O-O Be7 11. g4 Nb6 12. g5 Nh5 13. Nd5 Nxd5 14. exd5 Bd7 15.
Na5 O-O 16. Rg1 f5 17. c4 Rc8 18. Kb1 Kh8 19. h4 Ng3 20. c5 f4 21. Bf2 Nxf1 22.
Rgxf1 Qe8 23. Nb7 Rb8 24. Nxd6 Bxd6 25. cxd6 Qg6+ 26. Ka1 Qxd6 27. b4 Qg6 28.
Rfe1 Rbe8 29. Rc1 e4 30. fxe4 Rxe4 31. h5 Qf5 32. Rxe4 Qxe4 33. h6 Kg8 34. hxg7
Rf5 35. Qd4 Qxd4+ 36. Bxd4 Rxd5 37. Bf6 f3 38. Rf1 Rf5 39. Rf2 Bc6 40. Kb2 Bd5
41. Rc2 Kf7 42. Bd4 Rxg5 43. Rc8 Ke7 44. Rh8 Rxg7 45. Kc3 Bg8 46. Kd3 Rg4 47.
Bc5+ Kf7 48. Ke3 Kg7 49. Kxf3 Rc4 50. Bd6 Bd5+ 0-1

[Event "Polugaevsky Mem 2014"]
[Site "Samara RUS"]
[Date "2014.07.09"]
[Round "8.7"]
[White "Ziatdinov, Raset"]
[Black "Gabrielian, Artur"]
[Result "0-1"]
[WhiteTitle "GM"]
[BlackTitle "GM"]
[WhiteElo "2348"]
[BlackElo "2558"]
[WhiteFideId "2015323"]
[BlackFideId "4131002"]
[EventDate "2014.07.02"]

1. e4 c5 2. Nf3 d6 3. d4 cxd4 4. Nxd4 Nf6 5. Nc3 a6 6. Bg5 Nbd7 7. Qe2 e6 8.
O-O-O Qc7 9. f4 Be7 10. g4 b5 11. a3 Rb8 12. Bxf6 Nxf6 13. g5 Nd7 14. Bg2 b4 15.
axb4 Rxb4 16. Nf5 exf5 17. exf5 Qc4 18. Rd2 Ne5 19. Rf1 O-O 20. Bd5 Qxe2 21.
Rxe2 Rxf4 22. Rxf4 Bxg5 23. Rf2 Bxf5 24. Kb1 Bxf4 25. Rxf4 Bc8 26. Ne4 Be6 27.
Bxe6 fxe6 28. Rxf8+ Kxf8 29. Nxd6 g5 30. Ne4 g4 31. Kc1 Nf3 32. Kd1 Ke7 33. b4
Nxh2 34. c4 Nf3 35. b5 a5 36. c5 Nd4 37. b6 Nc6 38. Ng3 Kd7 39. Kc2 Ne5 40. Kb3
Kc6 41. Ka4 Nd7 42. Ne4 h5 43. Kxa5 h4 44. Kb4 g3 45. Ng5 Nxc5 46. Kc4 g2 47.
Nh3 Ne4 0-1

[Event "Polugaevsky Mem 2014"]
[Site "Samara RUS"]
[Date "2014.07.09"]
[Round "8.8"]
[White "Miroshnichenko, Pavel"]
[Black "Iljiushenok, Ilia"]
[Result "0-1"]
[WhiteElo "2257"]
[BlackElo "2419"]
[WhiteFideId "4188659"]
[BlackFideId "24105074"]
[EventDate "2014.07.02"]

1. e4 d6 2. d4 Nf6 3. Nc3 Nbd7 4. f4 e5 5. Nf3 exd4 6. Qxd4 c6 7. e5 dxe5 8.
fxe5 Bc5 9. Qf4 Qe7 10. Be2 Nd5 11. Nxd5 cxd5 12. Be3 Bxe3 13. Qxe3 Qb4+ 14. Qc3
Qxc3+ 15. bxc3 Nb6 16. a4 Be6 17. a5 Nd7 18. Bb5 O-O-O 19. Bxd7+ Bxd7 20. Kd2
Rhe8 21. Rhe1 Bf5 22. Rf1 Rd7 23. Rf2 Be4 24. Ng5 Rxe5 25. Nxf7 Rh5 26. g4 Rh4
27. a6 Kc7 28. axb7 Kxb7 29. Ke3 Rc7 30. Nd6+ Kb6 31. Rb1+ Kc6 32. Nb5 Re7 33.
Nd4+ Kc5 34. Rb5+ Kc4 35. Kd2 Rxg4 36. Ra5 Rg6 37. Nb3 Rc7 38. Ra4+ Kb5 39. Rb4+
Kc6 40. Nd4+ Kc5 41. Rb8 Re7 42. Rff8 Kd6 43. Rfd8+ Ke5 44. Rdc8 Kf4 45. Rf8+
Rf6 46. Rxf6+ gxf6 47. Rg8 Rb7 48. Ne6+ Ke5 49. Nd4 Rb1 50. Re8+ Kf4 51. c4 Bg6
52. Rc8 dxc4 53. Rxc4 Rh1 54. h4 Rh2+ 55. Ne2+ Ke5 56. Ke3 Rh3+ 57. Kf2 Ra3 58.
h5 Be4 59. Rc7 Kd6 60. Rf7 Ke6 61. Rc7 h6 62. Nd4+ Ke5 63. c3 f5 64. Re7+ Kf6
65. Re6+ Kg5 66. Ne2 Kxh5 67. Ng3+ Kg5 68. Nxe4+ fxe4 69. Rxe4 Rxc3 70. Ra4 Rc7
71. Kg3 Rh7 72. Ra5+ Kf6 73. Kf4 Ke6 74. Ke4 Kd6 75. Kd4 Kc6 76. Rh5 Rd7+ 77.
Kc4 Rd6 78. Ra5 Kb7 79. Rh5 Rc6+ 80. Kb5 a6+ 81. Kb4 Kc7 82. Rd5 Kc8 83. Ka5 Kc7
84. Kb4 Rb6+ 85. Kc4 Rb5 86. Rd3 h5 87. Rg3 Rf5 88. Rg6 a5 89. Rh6 Rg5 90. Kb3
Kd7 91. Kc4 Ke7 92. Kd4 a4 93. Rh7+ Ke6 94. Rh6+ Kf5 95. Ke3 Rg3+ 96. Kf2 Kg5
97. Ra6 Rg4 98. Ra5+ Kg6 99. Kf3 Rb4 100. Kg3 h4+ 101. Kg2 Kf6 102. Kf3 Ke6 103.
Ke3 h3 104. Rh5 a3 105. Kf2 Ra4 106. Rh6+ Kd5 107. Rh5+ Ke6 0-1

[Event "Polugaevsky Mem 2014"]
[Site "Samara RUS"]
[Date "2014.07.09"]
[Round "8.9"]
[White "Khanin, Semen"]
[Black "Kokarev, Dmitry"]
[Result "1/2-1/2"]
[BlackTitle "GM"]
[WhiteElo "2317"]
[BlackElo "2650"]
[WhiteFideId "4111990"]
[BlackFideId "4132181"]
[EventDate "2014.07.02"]

1. e4 c5 2. Nf3 d6 3. Bb5+ Bd7 4. Bxd7+ Qxd7 5. O-O Nf6 6. d4 cxd4 7. Qxd4 Nc6
8. Qd3 g6 9. c4 Bg7 10. Nc3 O-O 11. h3 Rfc8 12. Rb1 Qd8 13. b3 Nd7 14. Bb2 a6
15. Nd5 Bxb2 16. Rxb2 Rab8 17. Rc1 Qf8 18. Qe3 Rd8 19. Rd2 Rdc8 20. Rdc2 Rd8 21.
Rd2 Rdc8 22. Rdc2 Rd8 1/2-1/2

[Event "Polugaevsky Mem 2014"]
[Site "Samara RUS"]
[Date "2014.07.09"]
[Round "8.10"]
[White "Esipenko, Andrey"]
[Black "Smirnov, Pavel"]
[Result "1/2-1/2"]
[WhiteTitle "FM"]
[BlackTitle "GM"]
[WhiteElo "2286"]
[BlackElo "2626"]
[WhiteFideId "24175439"]
[BlackFideId "4123425"]
[EventDate "2014.07.02"]

1. d4 Nf6 2. c4 g6 3. Nc3 Bg7 4. e4 d6 5. f3 O-O 6. Be3 c5 7. Nge2 Nc6 8. d5 Ne5
9. Ng3 h5 10. Be2 h4 11. Nf1 e6 12. f4 Nxc4 13. Bxc4 b5 14. Bxb5 exd5 15. e5
dxe5 16. fxe5 Bg4 17. exf6 Bxd1 18. fxg7 Kxg7 19. Bxc5 h3 20. Rxd1 hxg2 21. Rg1
gxf1=Q+ 22. Kxf1 Qh4 23. Rg2 Rfd8 24. Rd4 Qh5 25. Rf4 Rab8 26. Bd4+ Kg8 27. h4
Rxb5 28. Rg5 Rxb2 29. Rxh5 gxh5 30. Rf5 f6 31. Nxd5 Rxa2 32. Nxf6+ Kf7 33. Ne4+
Ke6 34. Rf6+ Kd5 35. Nc3+ Kc4 36. Nxa2 Rxd4 37. Ra6 Kb5 38. Rxa7 Rxh4 39. Kg2
Rc4 40. Ra3 Rc2+ 41. Kg3 1/2-1/2

[Event "Polugaevsky Mem 2014"]
[Site "Samara RUS"]
[Date "2014.07.10"]
[Round "9.1"]
[White "Goganov, Aleksey"]
[Black "Sjugirov, Sanan"]
[Result "1/2-1/2"]
[WhiteTitle "GM"]
[BlackTitle "GM"]
[WhiteElo "2590"]
[BlackElo "2643"]
[WhiteFideId "24109959"]
[BlackFideId "4189302"]
[EventDate "2014.07.02"]

1. d4 d5 2. c4 c6 3. Nf3 Nf6 4. Nc3 dxc4 5. a4 Bf5 6. e3 e6 7. Bxc4 Bb4 8. O-O
Nbd7 9. Qe2 O-O 10. e4 Bg6 11. Bd3 Bh5 12. e5 Nd5 13. Nxd5 cxd5 14. Qe3 Be7 15.
Ng5 Bxg5 16. Qxg5 Bg6 17. Be2 Nb8 18. Qxd8 Rxd8 19. Be3 Nc6 20. Rfc1 Rdc8 21.
Rc3 Nb4 22. Rac1 Nc2 23. Rxc8+ Rxc8 24. a5 a6 25. Bd1 Rc4 26. Bxc2 Rxc2 27. Rxc2
Bxc2 28. Kf1 Kf8 29. Ke1 Ke8 30. Kd2 Bg6 31. Kc3 Kd7 32. Kb4 Kc6 33. Bg5 Be4 34.
f3 Bb1 35. Be7 Bd3 36. Bf8 Bf1 37. Bxg7 Bxg2 38. f4 Be4 39. Bf6 Bf5 40. Bg5 Be4
41. Bf6 Bg6 1/2-1/2

[Event "Polugaevsky Mem 2014"]
[Site "Samara RUS"]
[Date "2014.07.10"]
[Round "9.2"]
[White "Timofeev, Artyom"]
[Black "Rozum, Ivan"]
[Result "1-0"]
[WhiteTitle "GM"]
[BlackTitle "IM"]
[WhiteElo "2597"]
[BlackElo "2553"]
[WhiteFideId "4140419"]
[BlackFideId "24104272"]
[EventDate "2014.07.02"]

1. e4 d6 2. d4 Nf6 3. Bd3 g6 4. Nf3 Bg7 5. O-O O-O 6. Re1 Nc6 7. c3 e5 8. h3 Re8
9. d5 Ne7 10. c4 h6 11. Nc3 Nh7 12. Bd2 Kh8 13. b4 Rf8 14. Qc1 Ng8 15. Bf1 f5
16. exf5 gxf5 17. g3 Qf6 18. Bg2 Bd7 19. c5 Ne7 20. Nh4 Ng5 21. f4 Nf7 22. c6
bxc6 23. dxc6 Be6 24. Nb5 Rfc8 25. fxe5 dxe5 26. Qc5 Bf8 27. Qf2 Ng6 28. Nxg6+
Qxg6 29. Bc3 a6 30. Na3 Bd6 31. Rad1 Rg8 32. Kh2 Rg7 33. Bd5 Rag8 34. Nc4 Bxd5
35. Rxd5 f4 36. g4 Qe6 37. Qf3 Ng5 38. Qd3 Nxh3 39. Nxe5 f3 40. Rxd6 Qxd6 41.
Kxh3 1-0

[Event "Polugaevsky Mem 2014"]
[Site "Samara RUS"]
[Date "2014.07.10"]
[Round "9.3"]
[White "Kryakvin, Dmitry"]
[Black "Levin, Evgeny A."]
[Result "1/2-1/2"]
[WhiteTitle "GM"]
[BlackTitle "GM"]
[WhiteElo "2579"]
[BlackElo "2501"]
[WhiteFideId "4153278"]
[BlackFideId "4182596"]
[EventDate "2014.07.02"]

1. d4 Nf6 2. c4 e6 3. Nf3 b6 4. g3 Bb7 5. Bg2 Be7 6. O-O O-O 7. Nc3 Ne4 8. Bd2
Bf6 9. Ne5 Nxc3 10. Bxc3 Bxg2 11. Kxg2 d5 12. Ng4 Be7 13. Qb3 c6 14. Ne5 Bd6 15.
Rad1 Qe7 16. Rfe1 Qb7 17. e4 Nd7 18. Nf3 Rfe8 19. Re3 Bf8 20. e5 Be7 21. cxd5
cxd5 22. Bb4 Bxb4 23. Qxb4 Rac8 24. Qd2 Rc6 25. Rc1 Rec8 26. Rxc6 Rxc6 27. Rc3
Qc7 28. Rxc6 Qxc6 29. Qg5 Nf8 30. Qe7 Qd7 31. Qa3 Qc7 32. Qa4 h6 33. h4 Qc1 34.
b3 a5 35. Qb5 Qc2 36. a4 Qe4 37. h5 g5 38. hxg6 fxg6 39. Qf1 g5 40. Qe1 Qxe1 41.
Nxe1 Ng6 42. g4 Nf4+ 43. Kf3 Kf7 44. Ke3 h5 45. gxh5 Nxh5 46. Nc2 Ng7 47. Kd3
Nf5 48. b4 Ne7 49. bxa5 bxa5 50. Na3 Nc8 51. Nb5 Nb6 52. Nd6+ Kg6 53. Ke3 Nxa4
54. Nb7 Kf5 55. Nxa5 Nb2 56. Nc6 Nc4+ 57. Ke2 g4 58. Nd8 Na3 59. Kd3 Nb5 60. Ke3
Nc3 61. Kd3 Nd1 62. Ke2 Nb2 63. Ke3 Nc4+ 64. Ke2 Na3 65. Kd3 Nc4 66. Ke2 Na3 67.
Kd3 Nc4 1/2-1/2

[Event "Polugaevsky Mem 2014"]
[Site "Samara RUS"]
[Date "2014.07.10"]
[Round "9.4"]
[White "Gabrielian, Artur"]
[Black "Yuffa, Daniil"]
[Result "1/2-1/2"]
[WhiteTitle "GM"]
[BlackTitle "IM"]
[WhiteElo "2558"]
[BlackElo "2447"]
[WhiteFideId "4131002"]
[BlackFideId "24131423"]
[EventDate "2014.07.02"]

1. e4 c6 2. d4 d5 3. e5 Bf5 4. Nf3 e6 5. Be2 Ne7 6. Nbd2 h6 7. O-O Nd7 8. Nb3
Bg6 9. Bd2 Nf5 10. Rc1 Be7 11. c4 dxc4 12. Na5 Rb8 13. g4 Nh4 14. Nxh4 Bxh4 15.
Bb4 Be7 16. Bxe7 Qxe7 17. Nxc4 O-O 18. f4 Be4 19. Nd6 Bd5 20. Qd3 Nb6 21. Bd1
Qh4 22. h3 Nc8 23. Nxc8 Rbxc8 24. Kh2 c5 25. Rxc5 Rxc5 26. dxc5 Rd8 27. Qe3 Bxa2
28. b3 Bb1 29. Be2 Bg6 30. b4 Qe7 31. Rd1 Rxd1 32. Bxd1 Qd7 33. Bf3 Bc2 34. Kg3
Ba4 35. Be4 Bb5 36. h4 g6 37. h5 gxh5 38. gxh5 Bc6 39. Qd3 Qxd3+ 40. Bxd3 f6 41.
b5 Bd5 42. exf6 Kf7 43. Be2 Kxf6 44. Bf3 Bc4 45. b6 axb6 46. cxb6 e5 47. Bxb7
exf4+ 48. Kxf4 Ke6 49. Be4 Kd6 1/2-1/2

[Event "Polugaevsky Mem 2014"]
[Site "Samara RUS"]
[Date "2014.07.10"]
[Round "9.5"]
[White "Dvoirys, Semen I."]
[Black "Iljiushenok, Ilia"]
[Result "1-0"]
[WhiteTitle "GM"]
[WhiteElo "2557"]
[BlackElo "2419"]
[WhiteFideId "4100379"]
[BlackFideId "24105074"]
[EventDate "2014.07.02"]

1. e4 c5 2. Nf3 Nc6 3. d4 cxd4 4. Nxd4 Qb6 5. Nb3 Nf6 6. Nc3 e6 7. Qe2 Qc7 8.
Bd2 a6 9. f4 d6 10. g4 Nd7 11. g5 b5 12. Qf2 Be7 13. h4 Nc5 14. Bg2 Nb4 15. Kd1
Bb7 16. Qd4 Nc6 17. Qxg7 Rf8 18. Qxh7 O-O-O 19. Qh5 d5 20. exd5 Nb4 21. Kc1
Nxb3+ 22. axb3 exd5 23. Qf3 Bc6 24. Kb1 Kb7 25. Rc1 d4 26. Ne4 Bd5 27. c3 dxc3
28. Bxc3 Qb6 29. Rd1 Bc6 30. Qe2 Ka7 31. Bd2 Qb7 32. Bxb4 Rxd1+ 33. Qxd1 Bxe4+
34. Ka2 Bxg2 35. Bxe7 Re8 36. Bf6 Ka8 37. Qd2 Bd5 38. Rd1 Be6 39. Qd3 Rc8 40. f5
Rh8 1-0

[Event "Polugaevsky Mem 2014"]
[Site "Samara RUS"]
[Date "2014.07.10"]
[Round "9.6"]
[White "Smirnov, Alexey"]
[Black "Shaposhnikov, Evgeny"]
[Result "1-0"]
[BlackTitle "GM"]
[WhiteElo "2413"]
[BlackElo "2553"]
[WhiteFideId "4168437"]
[BlackFideId "4122232"]
[EventDate "2014.07.02"]

1. d4 Nf6 2. c4 e6 3. Nc3 Bb4 4. Qc2 b6 5. a3 Bxc3+ 6. Qxc3 Bb7 7. Bg5 h6 8. Bh4
g5 9. Bg3 Ne4 10. Qc2 c5 11. Rd1 Nxg3 12. hxg3 cxd4 13. Rxd4 Nc6 14. Rd2 Qf6 15.
e3 Rc8 16. Ne2 Ne5 17. Nd4 O-O 18. Nb5 Ba6 19. Nd6 Rc6 20. Qa4 Qe7 21. Be2 f6
22. Qd1 Qg7 23. O-O Nxc4 24. Bxc4 Bxc4 25. Nxc4 Rxc4 26. Rxd7 Rf7 27. Rd8+ Rf8
28. Rd6 Re4 29. Qc2 f5 30. Rfd1 Qf6 31. Rd7 1-0

[Event "Polugaevsky Mem 2014"]
[Site "Samara RUS"]
[Date "2014.07.10"]
[Round "9.7"]
[White "Khismatullin, Denis"]
[Black "Kozionov, Kirill"]
[Result "1/2-1/2"]
[WhiteTitle "GM"]
[BlackTitle "FM"]
[WhiteElo "2680"]
[BlackElo "2393"]
[WhiteFideId "4142578"]
[BlackFideId "24101729"]
[EventDate "2014.07.02"]

1. c4 c6 2. Nf3 d5 3. g3 Nf6 4. Bg2 Bf5 5. cxd5 cxd5 6. Qb3 Qb6 7. Qxb6 axb6 8.
Nc3 Nc6 9. d3 e5 10. O-O h6 11. Nb5 Rc8 12. a3 Be7 13. b4 O-O 14. Bb2 Nd7 15.
Rac1 Be6 16. Nd2 f5 17. e4 dxe4 18. dxe4 f4 19. Rfd1 Rfd8 20. Bf1 fxg3 21. hxg3
Nf6 22. Be2 Rd7 23. f3 Rcd8 24. Nf1 Rxd1 25. Rxd1 Rxd1 26. Bxd1 Bc4 27. Ba4 Nh5
28. Ne3 Bxb5 29. Bxb5 Nxg3 30. Nc4 Nd4 31. Bd7 Bf6 32. Nxb6 Nge2+ 33. Kf1 Nf4
34. Bc8 Nxf3 35. Bxb7 Bh4 36. Nd5 Nd2+ 37. Kg1 Nd3 38. Bc3 Nb1 39. Ba6 Nxc3 40.
Nxc3 Nf4 41. Na4 Bd8 42. b5 Kf8 43. Nb2 Bb6+ 44. Kh1 Ke7 45. Nc4 Bd4 46. b6 Kd8
47. a4 g5 48. a5 g4 49. Nd6 g3 50. Bf1 Kd7 51. Nf5 Kc6 52. Nxg3 Bc3 53. Bb5+ Kb7
54. a6+ Kxb6 55. Nf5 Ne6 56. Bc4 Nc7 57. Ne7 Bd4 58. Nc8+ Kc6 59. Be2 Kd7 60.
Bg4+ Kc6 1/2-1/2